000 00721nam a2200205 a 4500
003 0
005 20250329105311.0
008 050810s19uu xx 00 eng d
050 _aPGS HQ 755.86
_b.Um49 2005
100 _aUmeda, Osamu.
245 _aPerception of SISC lower school students on smoking /
_cOsamu Umeda.
260 _aLas PiƱas City, Philippines :
_bSouthville International School and Colleges,
_c2005.
300 _a25 pages :
_billustrations ;
_c28 cm.
504 _aIncludes bibliographical references.
650 _aSmoking
_vPsychological aspects.
650 _aTobacco use and youth.
650 _aFamily influence on behavior.
650 _a Smoking
_vHealth aspects.
942 _2lcc
_cPASS
999 _c97438
_d97438